A carregar...

Washed out dream /

Detalhes bibliográficos
Formato: Printed Book
Idioma:English
Publicado em: New York : Larch wood Publications, 1980.
LEADER 00331nam a2200097Ia 4500
008 150624b xxu||||| |||| 00| 0 eng d
245 |a Washed out dream / 
260 |a New York :  |b Larch wood Publications,  |c 1980. 
942 |c BK 
999 |c 62151  |d 62151 
952 |0 0  |1 0  |4 0  |7 0  |9 62128  |a UL  |b UL  |c ST2  |d 2012-10-27  |l 1  |p G1168  |r 2014-04-11  |s 2014-02-28  |w 2012-10-27  |y BK